000 00345 a2200157 4500
001 148562
040 _cEscola São Tomás de Aquino
100 _aBANDEIRA, Pedro
240 1 0 _aO pequeno dragão
_lpor
245 1 0 _aO pequeno dragão
300 _a48
362 0 _a1997
440 1 _aModerna
697 _a*LITERATURA INFANTO
942 _cBK
999 _c148562
_d148562